000 00275nam a22001217a 4500
082 _a823
_bDAV/T
100 _aDAVID, MARY T
245 _a3 - IN - 1 AESOP'S FABLES
260 _aDELHI
_bDHINGRA PUBLISHING
_c1998
300 _a23
650 _aENGLISH STORY
_zINDIA
942 _cBK
999 _c7377
_d7377